People and power: electricity sector reforms and the Poor in Europe and Central Asia (Record no. 53294)

MARC details
000 -LEADER
fixed length control field 00967nam a2200229 a 4500
008 - FIXED-LENGTH DATA ELEMENTS--GENERAL INFORMATION
fixed length control field 070321s2007 ||||||||||||||||| || u
020 ## - INTERNATIONAL STANDARD BOOK NUMBER
International Standard Book Number 0821366335
050 ## - LIBRARY OF CONGRESS CALL NUMBER
Classification number IBRD(06)DD/2007/2
100 ## - MAIN ENTRY--PERSONAL NAME
Personal name Banerjee, Sudeshna Ghosh
245 10 - TITLE STATEMENT
Title People and power: electricity sector reforms and the Poor in Europe and Central Asia
Statement of responsibility, etc. by Julian A. Lampietti, Sudeshna Ghosh Banerjee and Amelia Branczik
260 ## - PUBLICATION, DISTRIBUTION, ETC.
Place of publication, distribution, etc. Washington, D. C.
Name of publisher, distributor, etc. World Bank
Date of publication, distribution, etc. 2007
300 ## - PHYSICAL DESCRIPTION
Extent xxviii; 227p.; ill.
350 ## - PRICE (NR) (BK AM CF MU VM SE) [OBSOLETE]
Price 0.00
490 ## - SERIES STATEMENT
Series statement Directions in development (energy and mining)
650 ## - SUBJECT ADDED ENTRY--TOPICAL TERM
Topical term or geographic name entry element ELECTRICITY
650 ## - SUBJECT ADDED ENTRY--TOPICAL TERM
Topical term or geographic name entry element ELECTRIC UTILITIES--EUROPE
650 ## - SUBJECT ADDED ENTRY--TOPICAL TERM
Topical term or geographic name entry element ELECTRIC UTILITIES--ASIA CENTRAL
650 ## - SUBJECT ADDED ENTRY--TOPICAL TERM
Topical term or geographic name entry element HOUSEHOLDS--ENERGY CONSUMPTION--CASE STUDIES
700 ## - ADDED ENTRY--PERSONAL NAME
Personal name Lampietti, Julian A
700 ## - ADDED ENTRY--PERSONAL NAME
Personal name Branczik, Amelia
995 ## - RECOMMENDATION 995 [LOCAL, UNIMARC FRANCE]
-- 0.00
-- CBU-MAIN LIBRARY (Kitwe)
-- 1
-- 0.00
-- 1
-- AVAILABLE
-- Jan 10, 2008
-- International Publications
Holdings
Withdrawn status Lost status Source of classification or shelving scheme Damaged status Not for loan Home library Current library Shelving location Date acquired Total Checkouts Full call number Barcode Date last seen Price effective from Koha item type
          CBU-MAIN LIBRARY, KITWE. CBU-MAIN LIBRARY, KITWE.   11/30/2022   IBRD(06)DD/2007/2 55137 11/30/2022 11/30/2022 MONOGRAPH